000
00320nam a2200133 a 4500
005
20140414093835.0
008
030611s19uu xx 00 eng d
050
_a
CDR 510
_b
MAT 1994
245
_a
Math blaster :
_b
in search of spot.
650
_a
CD-ROM.
650
_a
Mathematics.
942
_c
AVM
999
_c
108991
_d
108991